| 000 | 00685nam a2200265Ia 4500 | ||
|---|---|---|---|
| 005 | 20250425161918.0 | ||
| 008 | 250425s9999 xx 000 0 und d | ||
| 020 | _a958615212X | ||
| 041 | _aspa | ||
| 043 | _ack | ||
| 082 | _a658.8 | ||
| 100 | _aESTRATEGIAS, HARVARD | ||
| 245 | 0 | _aCOMO DESARROLLAR ESTRATEGIAS EFICACES DE MERCADOTECNIA | |
| 250 | _a1A ED. | ||
| 260 | _aBOGOTA | ||
| 260 |
_aColombia _bEDUCAR CULTURAL RECREATIVA _c1987 |
||
| 300 | _a156 | ||
| 500 | _aESTRATEGIAS DE HARVARD | ||
| 650 | _aESTRATEGIAS DE MARKETING | ||
| 650 | _aPRECIOS AL CONSUMIDOR | ||
| 650 | _aPRODUCTOS | ||
| 710 | _aHARVARD BUSINESS REVIEW | ||
| 942 | _c01 | ||
| 010 | _a34699 | ||
| 999 |
_c218692 _d218692 |
||